000
00219 a2200097 4500
001
7163
100
_a
Karakash, J.J
245
_a
Transmission lines fitter networks
260
_a
_b
Macmillan Co
_c
090
_c
5932
_d
5932
942
_a
NUST-CAE
_c
M
_c
32414
999
_c
242236
_d
242236